00227nam a2200073Ia 4500082001600000245007600016100002000092008004100112 aNSO JF MBON 0aOh! le Ah! [Sepedi] : kanegelo ya go tswa Democratic Republic ya Congo  a MBONYI, Jean 210825s9999 xx 000 0 und d